000 00641naa a2200229 i 4500
001 80311
003 ES-MaBCM
005 20241016120743.0
008 020117s2001 fra 000 0 fre d
021 _axx
035 _a(OCoLC)1365217609
040 _cES-MaBCM
041 0 _afre
043 _afra
100 1 _aLugnier, Florence
_927804
245 1 0 _aQuelles sont les nouvelles tendances?
_cFlorence Lugnier
650 2 7 _aSalario
_960166
651 4 _aFrancia
_9115364
700 1 _aLizé, Laurence
_926850
773 0 _aEn:
_tProblèmes économiques
_dParis : 2001
_w104496
_gnº 2.740, déc., p. 13-16. - Loc. S.428
942 _cAREV
999 _c80311
_d80311